Stardew Valley Random Trivia Challenge - Statistics

General Stats
  • This quiz has been taken 996 times
  • The average score is 15 of 20
Answer Stats
Hint Answer % Correct
Mayor of the town Lewis
98%
Owner of Stardrop Saloon Gus
90%
The NPC who wins the Egg Hunt contest every year Abigail
89%
Clint’s love interest Emily
89%
A location you can travel to when the bus stop is repaired The Desert
89%
Husband of Jodi, who is away at war until Year 2 Kent
88%
Developer of Stardew Valley ConcernedApe
87%
The crop you are gifted seeds for at the start of the game Parsnip
84%
Name of the town Pelican Town
84%
If you are not asleep at ___, you pass out! 2:00AM
83%
Year Stardew Valley was released 2016
83%
Final floor of the mines 120
82%
Blue Chickens can be obtained from befriending them Shane
81%
Creatures that reside in the Community Center Junimos
78%
The person who runs JojaMart Morris
74%
The NPC who wins the Ice Fishing contest every year Pam
64%
Event that takes place on the 16th of Fall Fair
56%
Stardew Valley was inspired by this video game series Harvest Moon
52%
Item given to a romance canidate if you want to marry Mermaid’s Pendant
38%
The country that Stardew Valley is located in Ferngill Republic
19%
No matching quizzes found
Score Distribution
Percent of People with Each Score
Percentile by Number Answered
Your Score History
You have not taken this quiz